| 000 | 00965nam a22003017a 4500 | ||
|---|---|---|---|
| 001 | BR7600015 | ||
| 003 | BR-BrBNA | ||
| 005 | 20230928084854.0 | ||
| 007 | ta | ||
| 008 | 230509b bl.||||| |||| 00| 0 por d | ||
| 040 |
_aBR-BrBNA _bpor _cBiblioteca Nacional de Agricultura |
||
| 041 | _a(Por) | ||
| 072 | _aF22 | ||
| 090 | _ F22 BR7600015 | ||
| 100 | 1 | _aTeixeira, J.O.S. | |
| 110 | 1 |
_aUniversidade Federal de Vicosa, MG (Brasil) _0Tese (Magister Scientiae) |
|
| 245 | 1 | _aControle da mobilidade de ions nitrato em coluna de material de solo pela aplicacao de substancias repelente a agua | |
| 260 | 3 |
_aVicosa, MG (Brasil): _c1975. |
|
| 300 | _a40 p. | ||
| 500 | _a33 ref.; Summary (Por). (*) Documento disponível na(o) Universidade Federal de Vicosa, MG (Brazil) | ||
| 650 | _aFISICA DO SOLO | ||
| 650 | _aQUIMICA DO SOLO | ||
| 650 | _aSOLO | ||
| 650 | _aION | ||
| 650 | _aANALISE DO SOLO | ||
| 909 |
_a202309 _bLucia _c55 _dLucia Elande |
||
| 942 | _cBK | ||
| 999 |
_c21596 _d21596 |
||